书目信息 |
| 题名: |
环境生化检验
|
|
| 作者: | 王瑞芬 | |
| 分册: | ||
| 出版信息: | 北京 北京冶金工业出版社 2001 |
|
| 页数: | 204 | |
| 开本: | 20cm | |
| 丛书名: | ||
| 单 册: | ||
| 中图分类: | X132 | |
| 科图分类: | ||
| 主题词: | 环境化学 | |
| 电子资源: | ||
| ISBN: | 7-5024-2732-5 | |
| 000 | 00501nam0 2200181 450 | |
| 001 | 0741144344 | |
| 005 | 20070817112544.34 | |
| 010 | @a7-5024-2732-5@d¥14.80 | |
| 100 | @a20070817d km y0chiy0120 ea | |
| 101 | 0 | @achi |
| 200 | 1 | @a环境生化检验@Ahuan jing sheng hua jian yan@f王瑞芬@Fwang rui fen |
| 210 | @a北京@c北京冶金工业出版社@d2001 | |
| 215 | @a204@d20cm | |
| 606 | 0 | @a环境化学 |
| 690 | @aX132@v3 | |
| 701 | 0 | @a王瑞芬@Awang rui fen |
| 801 | 0 | @aCN@bPFT@c20070817 |
| 905 | @a213230@dX132@en1@f1 | |
| 环境生化检验/王瑞芬.-北京:北京冶金工业出版社,2001 |
| 204;20cm |
| ISBN 7-5024-2732-5:¥14.80 |
| ● |
| 相关链接 |
|
|
|
|
正题名:环境生化检验
索取号:X132/n1
 
预约/预借
| 序号 | 登录号 | 条形码 | 馆藏地/架位号 | 状态 | 备注 |
| 1 | 6600806 | 266008063 | 密集书库-生命科学系/ [索取号:X132/n1] | 在馆 |